000 00405nam a2200169Ia 4500
001 23750
005 20260414150958.0
008 260414t1988||||xx |||||||||||||| ||spa||
041 _aESP
082 _a704.9
_bS12
100 _aSabogal, José
_eAUT
245 0 _aEl desván de la imaginería peruana texto impreso
_b
260 _c1988
650 _aABD
654 _aCAU
942 _cLIB
_dJUS
_fJUS
_2ddc
_n
999 _c23750
_d23750